<?xml version="1.0" encoding="UTF-8"?>
<record
    xmlns:xsi="http://www.w3.org/2001/XMLSchema-instance"
    xsi:schemaLocation="http://www.loc.gov/MARC21/slim http://www.loc.gov/standards/marcxml/schema/MARC21slim.xsd"
    xmlns="http://www.loc.gov/MARC21/slim">

  <leader>01068nam a22002537a 4500</leader>
  <controlfield tag="005">20170124102945.0</controlfield>
  <datafield tag="010" ind1=" " ind2=" ">
    <subfield code="a">B-155141</subfield>
  </datafield>
  <datafield tag="020" ind1=" " ind2=" ">
    <subfield code="c">180.00</subfield>
  </datafield>
  <datafield tag="035" ind1=" " ind2=" ">
    <subfield code="a">B-155141</subfield>
  </datafield>
  <datafield tag="037" ind1=" " ind2=" ">
    <subfield code="b">Cen Lib/Ret</subfield>
  </datafield>
  <datafield tag="040" ind1=" " ind2=" ">
    <subfield code="a">DPL</subfield>
    <subfield code="b">HN</subfield>
  </datafield>
  <datafield tag="082" ind1=" " ind2=" ">
    <subfield code="a">821</subfield>
    <subfield code="b">&#x935;&#x947;&#x926;&#x92A;&#x94D;&#x930;</subfield>
  </datafield>
  <datafield tag="100" ind1=" " ind2=" ">
    <subfield code="a">&#x935;&#x947;&#x926;&#x92A;&#x94D;&#x930;&#x915;&#x93E;&#x936;, &#x917;&#x941;&#x930;&#x941;&#x936;&#x94D;&#x930;&#x940; </subfield>
    <subfield code="9">45019</subfield>
  </datafield>
  <datafield tag="245" ind1=" " ind2=" ">
    <subfield code="a">&#x935;&#x93F;&#x930;&#x93F;&#x928;&#x94D;&#x926;&#x93E;&#x935;&#x928; &#x915;&#x947; &#x928;&#x93E;&#x925; &#x938;&#x93E;&#x901;&#x935;&#x930;&#x947; /</subfield>
    <subfield code="c">&#x917;&#x941;&#x930;&#x941;&#x936;&#x94D;&#x930;&#x940; &#x935;&#x947;&#x926;&#x92A;&#x94D;&#x930;&#x915;&#x93E;&#x936;</subfield>
  </datafield>
  <datafield tag="246" ind1=" " ind2=" ">
    <subfield code="a">Virindavan ke nath saanwre /</subfield>
    <subfield code="b">by Gurushri Vedprakash </subfield>
  </datafield>
  <datafield tag="260" ind1=" " ind2=" ">
    <subfield code="a">&#x935;&#x93E;&#x930;&#x93E;&#x923;&#x938;&#x940; </subfield>
    <subfield code="b">&#x935;&#x93F;&#x936;&#x94D;&#x935;&#x93F;&#x926;&#x94D;&#x92F;&#x93E;&#x932;&#x92F; &#x92A;&#x94D;&#x930;&#x915;&#x93E;&#x936;&#x928; </subfield>
    <subfield code="c">2004</subfield>
  </datafield>
  <datafield tag="270" ind1=" " ind2=" ">
    <subfield code="b">&#x935;&#x93E;&#x930;&#x93E;&#x923;&#x938;&#x940; </subfield>
    <subfield code="a">&#x91A;&#x94C;&#x915; </subfield>
    <subfield code="e">221001</subfield>
  </datafield>
  <datafield tag="300" ind1=" " ind2=" ">
    <subfield code="a">196&#x92A;&#x943;.</subfield>
    <subfield code="c">21&#x938;&#x947;&#x92E;&#x940;(&#x938;&#x91C;&#x93F;&#x932;&#x94D;&#x926;)</subfield>
  </datafield>
  <datafield tag="650" ind1=" " ind2=" ">
    <subfield code="a">&#x939;&#x93F;&#x902;&#x926;&#x940; &#x938;&#x93E;&#x939;&#x93F;&#x924;&#x94D;&#x92F;</subfield>
    <subfield code="9">49755</subfield>
  </datafield>
  <datafield tag="650" ind1=" " ind2=" ">
    <subfield code="a">&#x939;&#x93F;&#x902;&#x926;&#x940; &#x938;&#x93E;&#x939;&#x93F;&#x924;&#x94D;&#x92F; --  &#x915;&#x935;&#x93F;&#x924;&#x93E;</subfield>
    <subfield code="9">3490</subfield>
  </datafield>
  <datafield tag="650" ind1=" " ind2=" ">
    <subfield code="a">Hindi literature </subfield>
    <subfield code="9">49756</subfield>
  </datafield>
  <datafield tag="650" ind1=" " ind2=" ">
    <subfield code="a">Hindi literature -- Poetry</subfield>
    <subfield code="9">49757</subfield>
  </datafield>
  <datafield tag="942" ind1=" " ind2=" ">
    <subfield code="2">ddc</subfield>
    <subfield code="c">HN</subfield>
    <subfield code="h">821</subfield>
    <subfield code="m">&#x935;&#x947;&#x926;&#x92A;&#x94D;&#x930;</subfield>
  </datafield>
  <datafield tag="999" ind1=" " ind2=" ">
    <subfield code="c">112924</subfield>
    <subfield code="d">112924</subfield>
  </datafield>
  <datafield tag="952" ind1=" " ind2=" ">
    <subfield code="0">0</subfield>
    <subfield code="1">0</subfield>
    <subfield code="4">0</subfield>
    <subfield code="7">0</subfield>
    <subfield code="a">L</subfield>
    <subfield code="b">L</subfield>
    <subfield code="d">2015-08-10</subfield>
    <subfield code="e">Cen Lib/Ret</subfield>
    <subfield code="g">180.00</subfield>
    <subfield code="l">0</subfield>
    <subfield code="o">821 &#x935;&#x947;&#x926;&#x92A;&#x94D;&#x930;</subfield>
    <subfield code="p">B-155141</subfield>
    <subfield code="r">2015-08-10 00:00:00</subfield>
    <subfield code="t">1</subfield>
    <subfield code="v">180.00</subfield>
    <subfield code="w">2015-08-10</subfield>
    <subfield code="y">HN</subfield>
  </datafield>
</record>
